000
00288nam a22001217a 4500
008
170712b xxu||||| |||| 00| 0 eng d
041
_a
eng
080
_a
038
100
_a
08
101
_a
FJA
245
_a
NEW DICTIONARY OF THE AMERICAN LANGUAGE
_c
GURALNIK.D.B
942
_2
udc
_c
BK
999
_c
20386
_d
20386